On This Day: January 8th Quiz Stats

 Plays Quiz Updated Jan 8, 2018

Score 0/7 Timer 03:00
0 Plays Today
Question Answer Wrong Answers
President George W. Bush signs the No Child ______ Act into law.
2002
Left Behind
88.8%
Abandoned
3.2%
No Cry
1.1%
Goes Unnoticed
5.2%
This masterpiece by Leonardo da Vinci is exhibited in the United States for the first time at the National Gallery of Art in Washington, D.C.
1963
Mona Lisa
88.5%
The Starry Night
5.9%
Guernica
1.1%
Pietà
3%
This English singer-songwriter, a leading figure in popular music known for his flamboyant and androgynous alter ego Ziggy Stardust, is born.
1947
David Bowie
87.3%
Mick Jagger
2.7%
Freddie Mercury
5.8%
George Michael
2.9%
This future US president leads American forces to an unlikely victory over the British in the Battle of New Orleans.
1815
Andrew Jackson
83.3%
Martin Van Buren
5.6%
William Henry Harrison
6.4%
John Tyler
4.6%
President Lyndon B. Johnson declares a war on this in the United States.
1964
Poverty
63.7%
Drugs
24.5%
Crime
8.4%
Terror
1.8%
Crown Prince Nguyễn Phúc Vĩnh Thụy ascends the throne, the last monarch of ______.
1926
Vietnam
59.3%
Laos
4.3%
Cambodia
13.6%
Thailand
21.6%
This man, who sought to preserve the traditional way of life of the Lakota people, fights his last battle against the United States Cavalry at Wolf Mountain, Montana Territory.
1877
Crazy Horse
54.1%
Geronimo
28%
Chief Joseph
11.9%
Tecumseh
5.5%

You're not logged in!

Compare scores with friends on all Sporcle quizzes.
OR
Log In

Sporcle TV

Today on Sporcle TV


Watch our educational content, quiz creation guides, and fun videos on Sporcle TV.

Show Comments

Extras

Top Quizzes Today


Score Distribution

Your Account Isn't Verified!

In order to create a playlist on Sporcle, you need to verify the email address you used during registration. Go to your Sporcle Settings to finish the process.

Report this User

Report this user for behavior that violates our Community Guidelines.

Details: